[Event "RUS-chT Blitz Men 2018"]
[Site "Sochi"]
[Date "2018.10.10"]
[Round "1"]
[White "Lugovskoy, Maxim"]
[Black "Terzyan, Nazar"]
[Result "1/2-1/2"]
[WhiteElo "2428"]
[BlackElo "1757"]
[Annotator "TA"]
[PlyCount "117"]
[EventDate "2018.10.10"]
[EventType "swiss"]
[EventCountry "RUS"]
[SourceTitle "playchess.com"]
[Source "ChessBase"]
[SourceQuality "1"]

{[%evp 15,117,0,63,-6,-4,-6,50,28,32,17,80,81,73,34,56,34,27,31,43,31,31,-49,90,108,90,80,77,-70,-68,-51,-50,-94,38,-32,0,-21,0,0,0,0,0,0,0,0,0,0,75,29,114,114,205,197,254,250,299,295,313,306,360,269,319,221,338,-218,-216,-202,-207,-202,-133,-225,-33,-128,-63,-63,-8,-8,-8,-8,-8,-29959,0,-29964,-29965,-29966,-29967,-29968,-29968,-29969,-29971,-29972,-29973,-29973,-29971,-29981,-29976,-29976,-29977,-29974,-8,-8,-8,-8,-8,-8]} 1. e4 {[%cal Be2e4,Be4e5][%mdl 32]} c5 2. c3 Nf6 3. e5 Nd5 4. d4 cxd4 5. cxd4 d6 6. Nf3 Nc6 7. Bc4 Nb6 8. Bb3 Bf5 {LiveBook: 3 Games. B22: Sicilian: 2 c3} (8... dxe5 $11 9. Nxe5 Nxe5 10. dxe5 Qxd1+ 11. Bxd1 e6) (8... dxe5 9. d5 Na5 10. Nc3 Nxb3 11. Qxb3 e6 12. Nxe5 exd5 13. Be3 Bd6 14. Qb5+ Kf8 15. Nf3 Bd7 16. Qb3 Bc6 17. Rd1 h5 18. O-O h4 19. Nb5 h3 20. g3 Nc4 21. Nxd6 Qxd6 {½-½ (39) Lugovskoy,M (2474)-Vorobiov,E (2555) St Petersburg 2017}) 9. O-O (9. e6 $1 $14 fxe6 10. Nc3) 9... e6 $11 10. Nc3 a6 $146 (10... dxe5 $11 11. dxe5 Bc5) ({Predecessor:} 10... d5 11. h3 Be7 12. Re1 O-O 13. Bc2 Bxc2 14. Qxc2 Rc8 15. Bf4 Nc4 16. Rab1 {0-1 (24) Arjun,K (2118)-Rathanvel,V (2374) Barbera del Valles 2016}) 11. Bg5 Be7 12. Bxe7 Qxe7 (12... Nxe7 $11 13. d5 exd5) 13. d5 Nxe5 14. Nd4 O-O 15. dxe6 Bxe6 16. Nxe6 fxe6 17. Qd4 Nbd7 18. Rae1 ({White should play} 18. Rad1 $14) 18... Rf6 (18... g5 $15 {keeps the upper hand.}) 19. f4 $16 Nc6 20. Qe3 {[%cal Rb3e6]} Nc5 {[#]} 21. Ne4 (21. Nd5 $1 $16 {[%cal Rd5e7][%mdl 512]} exd5 22. Bxd5+ Ne6 23. Bxe6+ Kh8 24. Bd5 Qxe3+ 25. Rxe3) 21... Nxe4 $15 22. Qxe4 {[%cal Rb3e6]} d5 $36 {[%mdl 2048] Black has the initiative.} 23. Qd3 Qd6 {[#]} (23... Qc5+ $17 24. Kh1 Qd4) 24. f5 (24. Rxe6 $1 $14 {[%mdl 512]} Qc5+ (24... Qxe6 25. Bxd5) 25. Qe3 Qxe3+ 26. Rxe3) 24... Nb4 25. Qd2 Rxf5 (25... Qc5+ {is interesting.} 26. Qe3 Nd3 27. Qxc5 Nxc5 28. fxe6 Nxb3 29. axb3 Kf8) 26. Rxf5 exf5 27. a3 Nc6 28. Qxd5+ Qxd5 29. Bxd5+ $11 {[%mdl 4096] Endgame KRB-KRN} Kh8 30. Re6 Nd4 (30... Rc8 $11 {remains equal.}) 31. Re7 Rd8 (31... a5 $11 {keeps the balance.}) 32. Bxb7 $16 h6 (32... a5 $16) 33. Bxa6 $18 Rb8 (33... Kh7 $142 34. b4 Kg6) 34. Rb7 Re8 35. Kf2 Nc2 36. Bd3 Nd4 37. Rd7 Nb3 38. Bc2 ({And not} 38. Bxf5 Rf8 $11) 38... Nc1 (38... Rb8 {might work better.} 39. Rd6 (39. Bxf5 Rf8 $11) 39... Na1) 39. Rd1 $4 {[%mdl 8192]} ({Resist} 39. Bxf5 $6 Rf8 $18) (39. Kf3 $18 {and life is good for White.}) 39... Re2+ $19 40. Kf3 Rxc2 {KRN-KR} 41. b4 Na2 42. Kf4 (42. Rd5 $17) 42... Rc3 $2 (42... Rxg2 $19 43. h3 Rf2+ 44. Ke5 Kh7) 43. b5 (43. Ra1 $15 Rc2 44. b5) 43... Rxa3 ({Better is} 43... Rb3 $1 $17 {[%cal Rb3b5]} 44. Rd8+ Kh7) 44. Ra1 $15 Ra4+ ({Black should try} 44... g6 $15) 45. Kxf5 $11 Nc3 46. Rxa4 Nxa4 {KN-K3P} 47. Ke6 $2 {[%mdl 8192] [#]} (47. Kg6 $11) 47... Kg8 $2 (47... Nc3 $1 48. b6 Na4 49. b7 Nc5+ 50. Kd5 Nxb7 51. Kc6 Nd8+ 52. Kd7 Nf7 53. Ke6 Kg8 54. Ke7 h5 55. Ke6 Nh6 56. h3 Kh7 57. Ke5 Kg6 58. Kf4 Nf5 59. g3 Ne7 60. h4 Nf5 61. Kf3 {[#]} Nxh4+ $1 {[%mdl 512]} 62. Kf4 Ng2+ 63. Kf3 Kg5 64. Kf2 Nf4 65. Ke3 Kg4 66. gxf4 h4 67. Kf2 Kxf4 68. Ke1 h3 69. Kf1 g5 70. Kg1 g4 71. Kh2 Kf3 72. Kg1 g3 73. Kh1 g2+ 74. Kg1 Ke2 75. Kh2 Kf2 76. Kxh3 g1=Q 77. Kh4 Qg6 78. Kh3 Qh5#) 48. Ke7 $2 {[%mdl 8192]} (48. Kd7 $11) 48... Nc3 49. Ke6 Nxb5 {KN-KPP} 50. Kf5 Nc7 51. Kg6 Nd5 52. g4 Ne7+ 53. Kh5 Kf7 54. h4 Nd5 {[%cal Rd5f6]} 55. g5 hxg5 56. Kxg5 Ne3 $2 (56... Ne7 {mates} 57. h5 Kg8 58. Kg4 Kh7 59. Kg5 Ng8 60. Kf5 Kh6 61. Kg4 Nf6+ 62. Kf5 Kxh5 63. Kf4 Kh4 64. Kf5 g5 65. Kxf6 g4 66. Kf5 g3 67. Ke5 g2 68. Ke6 g1=Q 69. Kd5 Qg5+ 70. Kc4 Kg3 71. Kb4 Kf3 72. Kb3 Qb5+ 73. Kc2 Qb4 74. Kc1 Ke3 75. Kc2 Ke2 76. Kc1 Kd3 77. Kd1 Qd2#) 57. h5 $1 {The position is equal.} Nd5 58. h6 gxh6+ 59. Kxh6 {Precision: White = 37%, Black = 23%.} 1/2-1/2

[Event "RUS-chT Blitz Men 2018"]
[Site "Sochi"]
[Date "2018.10.10"]
[Round "1"]
[White "Nechaev, Oleg"]
[Black "Kamsky, Gata"]
[Result "0-1"]
[WhiteElo "2400"]
[BlackElo "2666"]
[Annotator "TA"]
[PlyCount "78"]
[EventDate "2018.10.10"]
[EventType "swiss"]
[EventCountry "RUS"]
[SourceTitle "playchess.com"]
[Source "ChessBase"]
[SourceQuality "1"]

{[%evp 16,78,20,31,33,28,37,36,51,47,53,-11,0,-7,-3,-20,10,11,23,-22,-8,-30,-12,-43,-55,-37,-54,-56,-65,-60,-70,-296,-296,-292,-276,-872,-871,-861,-854,-856,-820,-3001,-3031,-1856,-1731,-1364,-1192,-5285,-2785,-5485,-5433,-29981,-29982,-29982,-29983,-29983,-29984,-29984,-29985,-29985,-29986,-29986,-29987,-29987,-29988]} 1. c4 e5 2. Nc3 Nc6 3. g3 Bc5 4. Bg2 a6 5. e3 d6 (5... Nge7 6. Nge2 Ba7 7. O-O d6 8. d4 O-O 9. a3 exd4 10. Nxd4 Ne5 11. b3 Rb8 12. h3 {0-1 (28) Nechaev,O (2358)-Kamsky,G (2637) Sochi 2016}) 6. Nge2 {A25: Englische Eröffnung (Sizilianisch im Anzug)} (6. Nf3 Nf6 7. O-O O-O 8. h3 Ba7 9. d4 h6 10. dxe5 dxe5 11. Qxd8 Rxd8 12. b3 Be6 13. Ba3 Rd7 14. Rfd1 Rad8 15. Rxd7 Rxd7 {½-½ (41) Howell,D (2676)-Ponomariov,R (2694) Riadh 2017}) 6... Ba7 7. a3 Nf6 8. b4 O-O 9. O-O {LiveBook: 34 Partien} Bd7 10. Bb2 Rb8 $146 ({Vorgänger:} 10... Qc8 11. Nd5 Nxd5 12. cxd5 Ne7 13. d4 Ng6 14. dxe5 Nxe5 15. Bxe5 dxe5 {1-0 (23) Mann,J (1381)-Stein,D (1252) Oberhof 2011}) 11. Rc1 Re8 12. Qc2 Ne7 13. Nd5 ({Lieber} 13. Ne4 $14) 13... Nexd5 $11 14. cxd5 Rc8 15. Nc3 h5 16. f4 c6 17. fxe5 (17. Qb1 {keeps more tension.} h4 18. Ne4 Nxe4 19. Bxe4 Bh3 20. Rf2) 17... dxe5 {...cxd5 ist eine echte Drohung.} 18. Qb3 Qe7 19. dxc6 Bxc6 20. Bxc6 Rxc6 21. Nd5 $1 {[%cal Rd5e7]} Nxd5 22. Qxd5 Rd6 $1 {[%cal Rd6d5]} 23. Qf3 $2 (23. Qg2 $15) 23... Rxd2 $19 24. Ba1 Rd3 25. Qxh5 $2 (25. Rfe1) 25... Bxe3+ 26. Kh1 Bxc1 27. Rxc1 Qd7 28. Qe2 Qd5+ 29. Kg1 Rd2 30. Qf1 e4 31. Rc5 Qd7 32. Rg5 g6 33. Qf6 Rd1+ {Schwarz setzt Matt.} 34. Kg2 {[#]} Rxa1 $1 35. Rxg6+ (35. Qxa1 Qd2+) 35... fxg6 36. Qxg6+ Kf8 37. Qf6+ {[#]} Qf7 $1 38. Qh8+ Ke7 {[%csl Ga1][%cal Rf7f1]} 39. Qe5+ Kd7 {Precision: Weiß = 32%, Schwarz = 72%.} 0-1

[Event "RUS-chT Blitz Men 2018"]
[Site "Sochi"]
[Date "2018.10.10"]
[Round "1"]
[White "Tenikashvili, Georgij"]
[Black "Shcherbakov, Ruslan"]
[Result "0-1"]
[WhiteElo "2361"]
[BlackElo "2516"]
[Annotator "TA"]
[PlyCount "134"]
[EventDate "2018.10.10"]
[EventType "swiss"]
[EventCountry "RUS"]
[SourceTitle "playchess.com"]
[Source "ChessBase"]
[SourceQuality "1"]

{[%evp 25,134,17,27,27,24,29,38,0,0,-20,8,12,0,-108,34,32,21,20,45,20,33,4,19,-297,-25,-62,0,-93,-43,-289,-301,-289,-129,-149,-145,-167,-94,-88,-75,-70,-66,-75,-68,-75,-70,-70,-64,-64,-66,-73,-72,-312,-305,-960,-305,-340,-340,-340,-340,-354,-323,-333,-333,-353,-349,-336,-314,-300,-289,-395,-385,-394,-386,-389,-381,-370,-339,-563,-556,-545,-503,-582,-543,-1288,-1169,-1179,-1066,-1040,-952,-996,-915,-1274,-1245,-7086,-2025,-29978,-29971,-29969,-29969,-29983,-29984,-29984,-29985,-29984,-29985,-29987,-29980,-29992,-29993,-29993,-29994]} 1. d4 Nf6 2. c4 e6 3. Nf3 b6 4. a3 Ba6 5. Qc2 Bb7 6. Nc3 c5 7. dxc5 Bxc5 8. Bg5 h6 9. Bh4 Nc6 10. e3 O-O 11. Be2 Be7 12. O-O Rc8 13. Rfd1 {E39: Nimzo-Indian: Classical: 4...c5 5 dxc5 0-0} Na5 {LiveBook: 13 Games} 14. Nd2 (14. Ne5 d6 15. b4 Qe8 16. bxa5 dxe5 17. axb6 axb6 18. Rab1 Qc6 19. Bf1 Bxa3 20. Nb5 Bc5 {½-½ (32) Johannessen,L (2499)-Giri,A (2722) Rogaska Slatina 2011}) 14... Ne8 15. Bg3 {[#] White has an edge.} Nd6 $146 {[%cal Rd6c4]} ({Predecessor:} 15... Bh4 16. b4 Bxg3 17. hxg3 Nc6 18. Qb3 Qe7 19. Bf3 d6 20. Nb5 a6 {0-1 (49) Dyckmans,B-Kunin,V (2502) Gent 2013}) 16. b3 Nf5 $1 17. Bf4 Bg5 (17... g5 $5 {[%cal Rg5f4]} 18. Bg3 Nxg3 19. hxg3 a6 $11) 18. Bxg5 Qxg5 {[%csl Gb7][%cal Rg5g2]} 19. Bf3 {[#]} (19. Nde4 $11 {keeps the balance.} Qe7 20. Ng3) 19... Nh4 ({Black should play} 19... d5 $1 $17 {Strongly threatening ...Nh4.} 20. Rac1 Nh4) 20. Bxb7 $1 $14 Nxb7 {[%csl Gh4][%cal Rg5g2]} 21. g3 {Qe4 is the strong threat.} Nf5 22. Nde4 Qe7 23. Qd2 Rfd8 {And now ...d5! would win.} 24. Rac1 $2 {[%mdl 8192] [#]} (24. Qd3 $11 {and White stays safe.}) 24... Na5 $2 (24... d5 $1 $19 25. cxd5 exd5 26. Nf6+ Qxf6 27. Nxd5 Qe5 28. Rxc8 Rxc8) 25. Qb2 $11 Nc6 (25... d5 $1 $15 26. cxd5 exd5) 26. b4 (26. Qc2 $11) 26... Ne5 {Hoping for ...d5.} 27. Kg2 $2 (27. c5 $1 $15) 27... Nxc4 $19 ({Don't play} 27... Rxc4 28. Nd2 $19) 28. Qe2 Ne5 (28... Nxa3 $19 {is more deadly.} 29. Qa6 Nc4) 29. Nb5 d5 30. Nd2 a6 ({Black should try} 30... Qb7 $19 {aiming for ...d4+.} 31. Nd4 Nxd4 32. exd4 Nc4) 31. Nd4 $17 Nxd4 32. exd4 {[#] Threatens to win with Rxc8.} Nc4 $1 {[%mdl 512]} 33. Nxc4 dxc4 34. Rxc4 Qb7+ 35. f3 Rxc4 36. Qxc4 $15 {[%mdl 4096] Endgame KQR-KQR} b5 37. Qc3 Qd5 38. Qc5 $2 (38. Rc1 $17) 38... Qa2+ $19 39. Kh3 $2 (39. Kf1) 39... Qxa3 $2 (39... Rd5 40. Qb6 Qc2 41. Qb8+ Kh7) 40. Rf1 Qd3 41. Kg2 Qxd4 ({Much less strong is} 41... Rxd4 42. Rf2 $19) 42. Qe7 Qd6 43. Qxd6 Rxd6 {KR-KR} 44. Ra1 g5 45. Kf2 Kg7 46. Ke3 Kf6 47. Ke4 Rc6 48. Kd3 Ke5 49. Re1+ Kd5 50. Ra1 f5 51. h4 $2 (51. Kd2) 51... gxh4 52. gxh4 Rc4 53. Rxa6 Rxh4 54. Kc3 Rh3 55. Rb6 Rxf3+ 56. Kc2 e5 57. Rxb5+ Kd4 58. Rb6 Rf2+ 59. Kd1 e4 (59... f4 $142 60. b5 f3) 60. Rxh6 Rb2 {Black mates.} 61. Rf6 Ke5 62. Rb6 f4 {[%cal Bf5f4,Bf4f3][%mdl 32]} 63. Rb5+ Kd4 64. Rf5 f3 65. b5 Kd3 {[%cal Rb2b1]} 66. Ke1 e3 {[%cal Rb2b1]} 67. Rd5+ Ke4 {Precision: White = 30%, Black = 55%.} 0-1

[Event "RUS-chT Blitz Men 2018"]
[Site "Sochi"]
[Date "2018.10.10"]
[Round "1"]
[White "Chizhikov, Vladislav"]
[Black "Kobalia, Mikhail"]
[Result "0-1"]
[WhiteElo "2304"]
[BlackElo "2620"]
[Annotator "TA"]
[PlyCount "144"]
[EventDate "2018.10.10"]
[EventType "swiss"]
[EventCountry "RUS"]
[SourceTitle "playchess.com"]
[Source "ChessBase"]
[SourceQuality "1"]

{[%evp 15,144,26,49,11,18,10,18,0,33,27,41,47,55,16,39,27,49,7,0,0,0,0,-6,-85,-62,-101,-66,-160,-90,-92,-80,-77,-34,-18,-37,-75,0,-70,-33,-64,-63,-69,-58,-64,-71,-170,-152,-163,-156,-152,-162,-172,-157,-166,-117,-281,-107,-445,-424,-545,-537,-536,-535,-540,-540,-545,-544,-540,-531,-531,-526,-589,-572,-595,-521,-704,-701,-706,-570,-556,-547,-314,-579,-570,-566,-616,-600,-618,-578,-608,-608,-926,-919,-919,-858,-843,-810,-1160,-1040,-29984,-29985,-29988,-29985,-29985,-29982,-29982,-29983,-29990,-29968,-29968,-29968,-29969,-29969,-29975,-29968,-29972,-29961,-5609,-4821,-29985,-29986,-29986,-29972,-29971,-29971,-29985,-29974,-29988,-29989,-29989,-29985]} 1. e4 c5 2. Nf3 e6 3. b3 a6 4. Bb2 Nc6 5. c4 d6 6. d4 {B40: Sicilian: 2...e6, Unusual lines} cxd4 7. Nxd4 Bd7 8. Nc3 Nf6 {LiveBook: 18 Games} 9. Rc1 (9. Be2 Be7 10. O-O O-O 11. Kh1 Nxd4 12. Qxd4 Bc6 13. Rfd1 Qa5 14. f3 Rad8 15. a4 Nh5 16. f4 e5 17. Qd2 Nxf4 18. Nd5 Qxd2 19. Nxe7+ {1-0 (33) Shimanov,A (2642)-Iljiushenok,I (2489) Sochi 2017}) 9... Be7 10. Be2 O-O 11. O-O Rc8 $146 ({Predecessor:} 11... Rb8 12. a3 b6 13. Kh1 Nxd4 14. Qxd4 Bc6 15. b4 Re8 16. f4 Bf8 17. Bf3 Bb7 18. Rcd1 Qc7 {1-0 (42) Rogers,I (2400)-Santacruz,F (2305) Dubai 1986}) 12. Kh1 Qb6 13. Nc2 Rfd8 14. Ne3 Be8 15. Bd3 Qa7 16. Qe1 Ne5 17. Bb1 b5 18. f4 Ng6 $1 19. Qg3 (19. Ne2 $11) 19... Nh5 $1 $17 {[%cal Rh5g3]} 20. Qf3 Nhxf4 21. g3 {[#]} (21. Rce1 $15) 21... Nh3 (21... Nh5 $142 $1 {[%mdl 512]} 22. cxb5 (22. Qxh5 Qxe3) 22... axb5) 22. cxb5 axb5 23. Nxb5 Qb6 24. Rxc8 Rxc8 25. Nd4 {Threatens to win with Qg2.} Bf6 ({Black should play} 25... Ng5 $17 26. Qf2 h6) 26. Rd1 (26. Qd1 $11) 26... Ne5 27. Qe2 {Hoping for Kg2.} h6 $36 {[%mdl 2048] Black has some pressure.} 28. Kg2 Ng5 {[%cal Bh3g5,Bg5h7,Bh7f6,Bf6g4,Bg4e3][%mdl 32]} 29. h4 Nh7 30. Ng4 (30. Qf2 $17) 30... Nxg4 $19 31. Qxg4 Be5 32. Qe2 Nf6 33. Nf3 Bxb2 34. Qxb2 Ng4 35. Rd2 $2 (35. Qd4 $17 {was called for.} Qa6 36. Qd2 (36. Kh3 Qe2 $17)) 35... Qe3 $2 (35... Ne3+ $19 {has better winning chances.} 36. Kh1 Qa5) 36. Qd4 $2 {[%mdl 8192]} (36. Re2 $17 {is tougher.} Qb6 37. Qd4) 36... Rc1 37. Qxe3 Nxe3+ 38. Kf2 Ng4+ 39. Ke2 Rxb1 40. Rxd6 Bb5+ 41. Kd2 Rb2+ 42. Kc3 Rxa2 43. Nd4 Bf1 44. b4 Ra3+ 45. Kb2 Rxg3 46. b5 Bxb5 47. Nxb5 {[%mdl 4096] Endgame KRN-KRN} Rh3 48. Rd8+ Kh7 49. Nd6 Ne5 50. Ra8 Rxh4 51. Kc2 Rh3 52. Ra5 f6 53. Ra6 h5 54. Ne8 Rg3 55. Ra7 Kh6 56. Re7 h4 57. Nd6 h3 58. Rxe6 Kg6 59. Nf5 Rg2+ 60. Kc3 h2 61. Re7 Nf7 ({Not} 61... h1=Q 62. Rxg7+ Kh5 63. Rh7+ Kg5 64. Rxh1 $11) 62. Nh4+ Kh7 63. Nxg2 h1=Q 64. Ne3 Nd6 65. Kd4 Qg1 66. Kd3 Qa1 67. Rd7 Qa6+ {Black mates.} 68. Kd4 Nb5+ 69. Kc5 Nc3 70. Nf5 Qb5+ 71. Kd6 Nxe4+ 72. Ke6 Ng5+ {Precision: White = 30%, Black = 65%.} 0-1

[Event "RUS-chT Blitz Men 2018"]
[Site "Sochi"]
[Date "2018.10.10"]
[Round "1"]
[White "Linker, Mikhail"]
[Black "Bocharov, Dmitry"]
[Result "0-1"]
[WhiteElo "2269"]
[BlackElo "2557"]
[Annotator "TA"]
[PlyCount "68"]
[EventDate "2018.10.10"]
[EventType "swiss"]
[EventCountry "RUS"]
[SourceTitle "playchess.com"]
[Source "ChessBase"]
[SourceQuality "1"]

{[%evp 22,68,10,0,0,0,19,13,29,0,27,0,0,0,47,47,47,37,48,43,33,-58,-75,-64,-75,-57,-58,-104,-105,-105,-105,-105,-105,-105,-105,-121,-112,-151,-97,-235,-245,-236,-170,-264,-97,-5569,-2340,-1961,-1659]} 1. d4 Nf6 2. c4 e6 3. g3 d5 4. Bg2 Bb4+ 5. Bd2 Be7 6. Nf3 O-O 7. O-O Nbd7 8. Qc2 {E11: Bogo-Indian} (8. Nc3 c6 9. Bf4 dxc4 10. e4 Re8 11. a4 b6 12. d5 exd5 13. exd5 Bb7 14. a5 bxa5 15. d6 Bf8 16. Nd2 Nd5 17. Nxd5 cxd5 18. Nxc4 dxc4 19. Bxb7 {½-½ (42) Nakamura,H (2777)-Karjakin,S (2773) Saint Louis 2018}) 8... Ne4 9. Nc3 Nxd2 10. Nxd2 c6 11. e4 dxc4 12. Nxc4 {LiveBook: 14 Games} b5 13. Ne3 Qb6 14. Rfd1 a6 $146 ({Predecessor:} 14... Bb7 15. Qe2 {1-0 (49) Tsodikova,N (2195)-Traub,I (2136) San Francisco 2016}) 15. Rac1 Bb7 16. a3 Rfd8 17. b4 Rac8 18. e5 a5 19. Qb1 axb4 20. axb4 Nb8 21. Ne4 (21. Nc2 $14) 21... Rxd4 $15 22. Nd6 Bxd6 23. exd6 Nd7 24. Qb2 Rxd1+ 25. Rxd1 c5 26. Bxb7 Qxb7 27. bxc5 Rxc5 28. Ra1 h5 29. h4 Qc6 (29... b4 $142 30. Rd1 b3) 30. Qd4 (30. Qa3 $17 {was worth a try.}) 30... Ne5 $19 {[#] And now ...Nf3+ would win.} 31. Qd1 b4 32. Rb1 (32. Kh2 $142) 32... b3 $2 (32... g6 $19 {and Black stays clearly on top. ...Rc3 is the strong threat.} 33. Kh2 Qb5) 33. Qxb3 $2 {[%mdl 8192]} (33. Kh2 $17) 33... Nf3+ 34. Kf1 Nd2+ {Precision: White = 21%, Black = 51%.} 0-1

[Event "RUS-chT Blitz Men 2018"]
[Site "Sochi"]
[Date "2018.10.10"]
[Round "1"]
[White "Kozak, Alexander"]
[Black "Sharafiev, Azat"]
[Result "1/2-1/2"]
[WhiteElo "2262"]
[BlackElo "2432"]
[Annotator "TA"]
[PlyCount "299"]
[EventDate "2018.10.10"]
[EventType "swiss"]
[EventCountry "RUS"]
[SourceTitle "playchess.com"]
[Source "ChessBase"]
[SourceQuality "1"]

{[%evp 10,299,63,52,64,54,65,-39,59,-29,-27,-31,54,56,117,0,0,0,0,0,0,0,0,-90,-45,-61,-53,-66,-63,-51,-56,-88,-85,-83,-85,-90,-92,-93,-93,-100,-100,-101,-99,-241,-94,-104,-79,-112,-112,-112,-112,-112,-112,-112,-95,-95,-95,-95,-97,-97,-85,-89,-90,-97,-81,-95,-75,-106,-106,-214,-214,-219,-227,-223,-42,-47,-20,-20,-2,-2,0,0,0,0,0,0,0,0,0,0,0,0,8,0,0,0,0,0,0,0,0,0,0,0,0,0,0,0,0,0,0,0,0,0,0,0,0,0,0,0,0,0,0,0,0,0,0,0,0,0,0,0,0,0,0,0,0,0,0,0,0,0,0,0,0,0,0,0,0,0,0,0,0,0,0,0,0,0,0,0,0,0,0,0,0,0,0,0,0,0,0,0,0,0,0,0,0,0,0,0,0,0,0,0,0,0,0,0,0,0,0,0,0,0,0,0,0,0,0,0,0,0,0,0,0,0,0,0,0,0,0,0,0,0,0,0,0,0,0,0,0,0,0,0,0,0,0,0,0,0,0,0,0,0,0,0,0,0,0,0,0,0,0,0,0,0,0,0,0,0,0,0,0,0,0,0,0,0,0,0,0,0,0,0,0,0,0,0,0,0,0,0,0,0,0,0,0,0,0,0,0,0,0,0,0,0,0,0,0,0,0,0]} 1. e4 g6 2. d4 Bg7 3. c3 d6 4. f4 Nf6 5. Bd3 e5 6. Nf3 (6. dxe5 $6 dxe5 7. Nf3 (7. fxe5 Nfd7 $11) 7... Nc6 $11) 6... Nc6 {B07: Pirc Defence: Miscellaneous Systems} 7. O-O (7. dxe5 $6 dxe5 8. Nxe5 Nxe5 $11) (7. fxe5 dxe5 8. d5 Nb8 9. c4 O-O 10. O-O Nbd7 11. Nc3 Qe7 12. Bg5 h6 {1-0 (62) Alekseev,E (2653)-Yudin,S (2524) Sochi 2015}) 7... O-O 8. a3 (8. dxe5 dxe5 9. fxe5 Ng4 $15) (8. fxe5 $14 dxe5 9. d5 (9. Nxe5 Nxe5 10. dxe5 Ng4 $15) (9. dxe5 Ng4 $15)) 8... Bg4 (8... exd4 $1 $15 9. cxd4 Bg4) 9. Be3 $146 (9. fxe5 $14 dxe5 10. d5) ({Predecessor:} 9. fxe5 dxe5 10. d5 Ne7 11. h3 Bxf3 12. Qxf3 Ne8 13. c4 b6 14. Nc3 f5 {0-1 (32) Smiljkovic,M (2004)-Stojanovic,S (2098) Obrenovac 2005}) 9... exd4 $1 $11 10. cxd4 Re8 ({Better is} 10... Qe8 $1 $15) 11. Nc3 $14 Nd7 (11... Qd7 $14) 12. e5 (12. Bc4 $16) 12... Bxf3 $11 13. Rxf3 ({Don't play} 13. Qxf3 dxe5 14. d5 (14. dxe5 $2 Ndxe5 15. fxe5 Nxe5 $19) 14... exf4 $17) 13... dxe5 14. fxe5 Ncxe5 15. dxe5 Nxe5 16. Be4 (16. Bf2 $11 {remains equal.} Nxf3+ 17. Qxf3) 16... Qxd1+ (16... Nxf3+ {is more complex.} 17. Qxf3 c6 18. Re1 f5 19. Bc2 Bd4) 17. Rxd1 {aiming for Rf4.} Nxf3+ 18. gxf3 c6 19. Bg5 f6 20. Bf4 Rad8 21. Rxd8 Rxd8 22. Kf2 Kf7 23. Be3 f5 24. Bc2 Bd4 25. f4 Kf6 26. Ne2 (26. Bxd4+ $17 Rxd4 27. Ke3) 26... Bxe3+ (26... Bxb2 $19 {and Black stays clearly on top.} 27. Bxa7 Bxa3) 27. Kxe3 $17 h6 28. h4 g5 29. hxg5+ hxg5 30. fxg5+ Kxg5 31. Nd4 {Black must now prevent Ne6+.} f4+ 32. Ke4 {Hoping for Ne6+.} Re8+ 33. Kf3 Re3+ 34. Kf2 Rh3 35. Nf3+ Kf6 36. Be4 Rh1 37. Ke2 Rh8 38. b4 {[#]} a5 $1 {[%mdl 512]} 39. Nd2 (39. Kd3 $17) (39. bxa5 Ra8) 39... axb4 $19 40. axb4 {[#]} Ke5 $1 {And now ...Rh2+ would win.} 41. Bf3 {[#]} Ra8 $2 (41... Kd4 $1 $19 42. Nb3+ Kc3) 42. Nc4+ $15 Kd4 43. Na5 $1 {The position is equal.} Re8+ 44. Kf2 Re7 {[#] Strongly threatening ...Rc7.} 45. Bxc6 $1 {[%mdl 512]} b6 (45... bxc6 46. Nxc6+) 46. Nb7 b5 47. Na5 Re5 48. Kf3 Kc3 49. Kxf4 Rh5 50. Kg4 Re5 51. Kf4 Rh5 52. Kg4 Re5 53. Kf4 Rh5 54. Kg4 Re5 55. Kf4 Re1 56. Bxb5 Kxb4 57. Bc6 Kxa5 $11 {[%mdl 4096] Endgame KR-KB} 58. Kf5 Kb6 59. Be4 Kc5 60. Bc2 Kd6 61. Bd3 Re3 62. Be4 Rg3 63. Kf4 Rg8 64. Kf5 Rf8+ 65. Kg6 Ke5 66. Bc2 Rc8 67. Bd3 Rc3 68. Bb1 Rg3+ 69. Kf7 Rg5 70. Bc2 Rg1 71. Bd3 Rd1 72. Bc2 Rd6 73. Bb1 $1 Rf6+ 74. Kg7 Rf2 75. Bd3 Kf4 76. Kg6 Rg2+ 77. Kf6 Rd2 78. Bc4 Rd6+ 79. Kg7 Kg5 80. Bb3 Rd7+ 81. Kh8 Kf6 82. Bc2 Rd4 83. Kh7 Rc4 84. Bd3 Rb4 85. Kh8 Kf7 86. Bc2 Rb8+ 87. Kh7 Rb2 88. Bg6+ Kf6 89. Be4 Rh2+ 90. Kg8 Rh4 91. Bd3 Rg4+ 92. Kh8 Kf7 93. Bc2 Rg8+ 94. Kh7 Rg3 {[%cal Rg3h3]} (94... Rg2 $5 95. Bb3+ $8 Kf6 $11) 95. Kh8 Rg8+ 96. Kh7 Rc8 (96... Rg2 $5 97. Bb3+ $8 Kf6 $11) 97. Bg6+ Kf6 98. Bd3 Rc3 99. Be4 Rh3+ 100. Kg8 Rh4 101. Bd3 Rd4 102. Bc2 Rd8+ 103. Kh7 Rc8 104. Bd3 Rb8 105. Be4 Re8 106. Bd3 Re7+ 107. Kh8 Kf7 108. Bc2 Re3 109. Bb1 Kf6 110. Bc2 Kf7 111. Bb1 Re8+ 112. Kh7 Rb8 113. Bg6+ (113. Ba2+ {is interesting.}) 113... Kf8 114. Bd3 Rb3 115. Be4 Rg3 116. Bc2 Rg7+ 117. Kh8 Kf7 118. Bb3+ Kf6 119. Bc2 Rc7 120. Bb3 Kg5 121. Ba2 Kh6 122. Bb3 Kg6 123. Bd5 Rh7+ 124. Kg8 Rd7 {[%cal Rd7d8]} 125. Be4+ (125. Bh1 {seems wilder.}) 125... Kf6 126. Bc2 Rg7+ 127. Kh8 Re7 128. Bd3 Kg5 129. Bc2 Rd7 130. Bb1 Rc7 131. Be4 Kh6 {[%cal Rc7c8]} 132. Bd5 Kg6 133. Be4+ Kh6 {[%cal Rc7c8]} 134. Bd5 Re7 135. Bc4 Re8+ 136. Bg8 Re3 137. Bd5 Kg6 138. Bc4 Rh3+ 139. Kg8 Rc3 (139... Rh1 {with more complications.}) 140. Bf7+ (140. Bf1 {looks sharper.}) 140... Kh6 {( -> ...Rc8+)} (140... Kf5 {is interesting.}) 141. Be6 Rc6 142. Bd5 Rc8+ (142... Rc1 {feels hotter.}) 143. Kf7 Rd8 144. Ke6 Kg6 145. Ke5 Kg5 146. Bf7 Rd2 147. Bg8 Re2+ 148. Kd4 Kf6 149. Bh7 Ke6 150. Bg8+ {Precision: White = 61%, Black = 66%.} 1/2-1/2